[Event "Montendre Rapid op"]
[Site "Montendre"]
[Date "2023.02.19"]
[Round "3"]
[White "Cornette, Matthieu"]
[Black "Roselle, Tristan"]
[Result "1-0"]
[WhiteElo "2565"]
[BlackElo "2241"]
[PlyCount "37"]
[EventDate "2023.02.19"]
[EventType "swiss (rapid)"]
[EventRounds "9"]
[EventCountry "FRA"]
[SourceTitle "CBM 212 Extra"]
[Source "ChessBase"]
[SourceDate "2023.03.31"]
[SourceVersion "1"]
[SourceVersionDate "2023.03.31"]
[SourceQuality "1"]

1. d4 d5 2. Nc3 Nf6 3. Bf4 c5 4. e3 cxd4 5. exd4 a6 6. Nf3 Nc6 7. Ne5 Bf5 8. g4 Nxe5 9. gxf5 Nc6 10. Qd3 g6 11. 0-0-0 Qa5 12. Kb1 Rc8 13. a3 Bg7 14. Bh3 gxf5 15. Rhg1 Kf8 16. Bxf5 e6 17. Rxg7 Kxg7 18. Bh6+ Kxh6 19. Rg1 1-0

[Event "Rochefort op 21st"]
[Site "Rochefort"]
[Date "2023.02.12"]
[Round "2"]
[White "Roselle, Tristan"]
[Black "Ghosh, Diptayan"]
[Result "0-1"]
[WhiteElo "2241"]
[BlackElo "2553"]
[PlyCount "98"]
[EventDate "2023.02.11"]
[EventType "swiss"]
[EventRounds "9"]
[EventCountry "FRA"]
[SourceTitle "CBM 212 Extra"]
[Source "ChessBase"]
[SourceDate "2023.03.31"]
[SourceVersion "1"]
[SourceVersionDate "2023.03.31"]
[SourceQuality "1"]

1. e4 e5 2. Nf3 Nc6 3. d4 exd4 4. Bc4 d6 5. Nxd4 Nf6 6. Nc3 Be7 7. 0-0 0-0 8. Bf4 Ne5 9. Be2 Re8 10. Re1 Bf8 11. Bg3 c6 12. a4 a5 13. Qd2 Ng6 14. Qd3 Qb6 15. Kh1 Qb4 16. f4 Bg4 17. Bxg4 Nxg4 18. h3 Nf6 19. Bh2 Rad8 20. Rad1 Ne5 21. fxe5 dxe5 22. Nxc6 Rxd3 23. Nxb4 Rxd1 24. Nxd1 Bxb4 25. Re2 Bc5 26. Bg1 Nh5 27. Kh2 Bxg1+ 28. Kxg1 Rd8 29. Nc3 Nf4 30. Rf2 Rd4 31. Kf1 h5 32. h4 f6 33. Ke1 Kf7 34. g3 Ne6 35. Rd2 g5 36. Rxd4 Nxd4 37. hxg5 fxg5 38. Kd2 h4 39. gxh4 gxh4 40. Ke3 Ke6 41. Nd5 Nxc2+ 42. Kf3 Ne1+ 43. Kg4 Nd3 44. Kxh4 Nxb2 45. Nb6 Kd6 46. Kg5 Kc6 47. Nd5 Nxa4 48. Kf6 Nb6 49. Ke6 Nc4 0-1

[Event "Mont de Marsan Christmas op"]
[Site "Mont de Marsan"]
[Date "2022.12.28"]
[Round "5"]
[White "Roselle, Tristan"]
[Black "Bournel, Antoine"]
[Result "1/2-1/2"]
[WhiteElo "2202"]
[BlackElo "2392"]
[PlyCount "85"]
[EventDate "2022.12.26"]
[EventType "swiss"]
[EventRounds "9"]
[EventCountry "FRA"]
[SourceTitle "EXT 2024"]
[Source "ChessBase"]
[SourceDate "2023.10.10"]
[SourceVersion "1"]
[SourceVersionDate "2023.10.10"]
[SourceQuality "1"]

1. e4 c5 2. Nf3 d6 3. Bb5+ Nd7 4. 0-0 a6 5. Bd3 Ngf6 6. Re1 g6 7. c3 Bg7 8. Bc2 c4 9. b3 b5 10. a4 Bb7 11. axb5 axb5 12. Rxa8 Qxa8 13. bxc4 bxc4 14. Na3 0-0 15. Nxc4 Nxe4 16. Qe2 Nef6 17. d4 Bxf3 18. Qxf3 Qxf3 19. gxf3 Rc8 20. Na3 Rxc3 21. Rxe7 Bf8 22. Re2 d5 23. Nb1 Rc8 24. Be3 Bg7 25. Bb3 Nf8 26. Rc2 Rxc2 27. Bxc2 Ne6 28. Nc3 Nh5 29. Nxd5 Nxd4 30. Bd1 Nf5 31. f4 Nf6 32. Nxf6+ Bxf6 33. Bc2 Kg7 34. Kg2 Nh6 35. Kf3 Bc3 36. Bb6 f5 37. h3 Nf7 38. Bc7 Bd4 39. Bb3 Kf6 40. Ba2 Bc5 41. Bb3 Bd4 42. Ba2 Bc5 43. Bb3 1/2-1/2

[Event "Mont de Marsan op 18th"]
[Site "Mont de Marsan"]
[Date "2021.12.29"]
[Round "7"]
[White "Roselle, Tristan"]
[Black "Duboue, Peio"]
[Result "1/2-1/2"]
[WhiteElo "2224"]
[BlackElo "2403"]
[PlyCount "106"]
[EventDate "2021.12.26"]
[EventType "swiss"]
[EventRounds "9"]
[EventCountry "FRA"]
[SourceTitle "EXT 2023"]
[Source "ChessBase"]
[SourceDate "2022.10.05"]
[SourceVersion "1"]
[SourceVersionDate "2022.10.05"]
[SourceQuality "1"]

1. e4 e5 2. Nf3 Nc6 3. d4 exd4 4. Bc4 Nf6 5. 0-0 Nxe4 6. Re1 d5 7. Bxd5 Qxd5 8. Nc3 Qh5 9. Nxe4 Be6 10. Bg5 Bd6 11. Nxd6+ cxd6 12. Bf4 Qd5 13. c3 Rc8 14. Nxd4 Nxd4 15. Qxd4 Qxd4 16. cxd4 Kd7 17. d5 Bf5 18. Be3 a6 19. Bd4 f6 20. Re2 Rhe8 21. Rxe8 Rxe8 22. Bc3 Bg6 23. f3 Rc8 24. Rd1 Rc5 25. Rd4 h5 26. Bb4 Rc8 27. a3 Bf7 28. Kf2 b6 29. h4 a5 30. Bc3 Rc5 31. g4 Bxd5 32. gxh5 Be6 33. h6 gxh6 34. Rf4 f5 35. Rd4 Rc8 36. Rd2 Kc6 37. Bg7 h5 38. Rc2+ Kd5 39. Rxc8 Bxc8 40. Ke3 Kc4 41. f4 d5 42. Bf6 Bd7 43. Bd4 b5 44. Bc3 a4 45. Bg7 Bc6 46. Bf6 Bb7 47. Bg7 Kb3 48. Kd2 Bc6 49. Bf6 Kc4 50. Ke3 Kb3 51. Kd2 Bb7 52. Bg7 Kc4 53. Ke3 Bc6 1/2-1/2

[Event "Mont de Marsan op 18th"]
[Site "Mont de Marsan"]
[Date "2021.12.27"]
[Round "3"]
[White "Roselle, Tristan"]
[Black "Tejedor Fuente, Enrique"]
[Result "0-1"]
[WhiteElo "2224"]
[BlackElo "2430"]
[PlyCount "186"]
[EventDate "2021.12.26"]
[EventType "swiss"]
[EventRounds "9"]
[EventCountry "FRA"]
[SourceTitle "EXT 2023"]
[Source "ChessBase"]
[SourceDate "2022.10.05"]
[SourceVersion "1"]
[SourceVersionDate "2022.10.05"]
[SourceQuality "1"]

1. e4 c5 2. Nf3 d6 3. Bb5+ Nd7 4. 0-0 a6 5. Bd3 Ngf6 6. Re1 e6 7. c3 b5 8. a4 c4 9. Bc2 Bb7 10. axb5 axb5 11. Rxa8 Qxa8 12. Na3 Bxe4 13. Bxe4 Nxe4 14. d3 cxd3 15. Qxd3 Nec5 16. Qxb5 Be7 17. Nd4 0-0 18. b4 Rb8 19. Qe2 Na4 20. Nxe6 Bf6 21. Nc7 Qb7 22. Ncb5 Nxc3 23. Nxc3 Bxc3 24. Rd1 Qxb4 25. Qe7 Nf6 26. Qxd6 Qxd6 27. Rxd6 Ne4 28. Rd1 h6 29. Be3 Bf6 30. Nb1 Rb2 31. f3 Rb3 32. Ba7 Ng5 33. Bf2 Ne6 34. Re1 Rd3 35. Re3 Rd5 36. g3 Rb5 37. Nc3 Rb2 38. Ne2 Kh7 39. Kg2 Nd4 40. Nf4 Nf5 41. Re2 Rb3 42. Nd5 Bd4 43. Bxd4 Nxd4 44. Rf2 Ne6 45. h4 Rd3 46. Nb4 Rb3 47. Nd5 Ra3 48. Rd2 Ra4 49. Kf2 Ra8 50. Ne3 Rf8 51. Nf5 g6 52. Ne3 h5 53. Nd5 Ra8 54. Ne3 Kg7 55. Nd5 Rd8 56. Ke3 Ra8 57. Kf2 Ra3 58. Ne3 Nc5 59. Ke2 Nb3 60. Rb2 Nc1+ 61. Kd2 Rd3+ 62. Kxc1 Rxe3 63. Rg2 Rxf3 64. Kd2 Kf6 65. Ke2 Ra3 66. Rg1 Kf5 67. Rf1+ Kg4 68. Rxf7 Rxg3 69. Kf2 Kxh4 70. Rf6 Rg4 71. Rf3 Kg5 72. Ra3 Kh4 73. Rf3 Ra4 74. Kg2 Ra2+ 75. Kg1 g5 76. Rc3 Rb2 77. Ra3 g4 78. Rc3 Ra2 79. Rb3 g3 80. Rb5 Kg4 81. Rb4+ Kh3 82. Rb1 Rg2+ 83. Kh1 Rh2+ 84. Kg1 Rc2 85. Ra1 h4 86. Rb1 Rg2+ 87. Kh1 Re2 88. Kg1 Re4 89. Ra1 Kg4 90. Kf1 h3 91. Ra8 g2+ 92. Kf2 Rf4+ 93. Ke2 Kg3 0-1

[Event "Barcelona Sants op 21st"]
[Site "Barcelona"]
[Date "2019.08.31"]
[Round "9"]
[White "Roselle, Tristan"]
[Black "Kueppers, Timo"]
[Result "1-0"]
[WhiteElo "2137"]
[BlackElo "2296"]
[PlyCount "49"]
[EventDate "2019.08.23"]
[EventType "swiss"]
[EventRounds "10"]
[EventCountry "ESP"]
[SourceTitle "EXT 2020"]
[Source "ChessBase"]
[SourceDate "2019.10.17"]
[SourceVersion "1"]
[SourceVersionDate "2019.10.17"]
[SourceQuality "1"]

1. e4 c5 2. Nf3 d6 3. Bb5+ Nd7 4. 0-0 a6 5. Bd3 Ngf6 6. Re1 e6 7. c3 b5 8. a4 Bb7 9. axb5 axb5 10. Rxa8 Qxa8 11. Na3 Bxe4 12. Bxe4 Nxe4 13. Nxb5 Qb7 14. Qb3 Nb6 15. d3 Nf6 16. Bf4 Qc6 17. Na7 Qb7 18. Qb5+ Nfd7 19. Ra1 Qb8 20. Ra6 Nd5 21. Nc6 Qc8 22. Qa5 N7b6 23. Rxb6 Nxb6 24. Qxb6 Kd7 25. Nb8+ 1-0

[Event "Mont de Marsan Noel op 15th"]
[Site "Mont de Marsan"]
[Date "2018.12.28"]
[Round "6"]
[White "Roselle, Tristan"]
[Black "Jerez Perez, Alfonso"]
[Result "1/2-1/2"]
[WhiteElo "2155"]
[BlackElo "2418"]
[PlyCount "64"]
[EventDate "2018.12.26"]
[EventType "swiss"]
[EventRounds "9"]
[EventCountry "FRA"]
[SourceTitle "CBM 190 Extra"]
[Source "ChessBase"]
[SourceDate "2019.07.15"]
[SourceVersion "1"]
[SourceVersionDate "2019.07.15"]
[SourceQuality "1"]

1. e4 e6 2. d4 d5 3. Nd2 c5 4. exd5 exd5 5. Ngf3 Nf6 6. Bb5+ Bd7 7. Bxd7+ Nbxd7 8. 0-0 Be7 9. c4 0-0 10. cxd5 Nxd5 11. dxc5 Nxc5 12. Nb3 Ne6 13. Nbd4 Nxd4 14. Qxd4 Bf6 15. Qa4 Qb6 16. Bd2 Rac8 17. Rab1 a6 18. Rfd1 Qe6 19. Qb3 Nb6 20. Qxe6 fxe6 21. Re1 Kf7 22. Ng5+ Bxg5 23. Bxg5 Rc2 24. Rec1 Rfc8 25. Rxc2 Rxc2 26. Be3 Nc4 27. Bd4 b5 28. h3 b4 29. b3 e5 30. Ba7 Nd2 31. Ra1 Ke6 32. Be3 Kd5 1/2-1/2

[Event "Pujols Trophee 2nd"]
[Site "Pujols"]
[Date "2018.07.01"]
[Round "5"]
[White "Touzane, Olivier"]
[Black "Roselle, Tristan"]
[Result "1-0"]
[WhiteElo "2315"]
[BlackElo "2160"]
[PlyCount "65"]
[EventDate "2018.07.01"]
[EventType "swiss (rapid)"]
[EventRounds "7"]
[EventCountry "FRA"]
[SourceTitle "EXT 2020"]
[Source "ChessBase"]
[SourceDate "2019.10.17"]
[SourceVersion "1"]
[SourceVersionDate "2019.10.17"]
[SourceQuality "1"]

1. d4 d5 2. c4 e6 3. Nc3 Nf6 4. cxd5 Nxd5 5. e4 Nxc3 6. bxc3 c5 7. Rb1 cxd4 8. cxd4 Be7 9. Nf3 0-0 10. Bc4 b6 11. Qe2 Bb7 12. 0-0 Nd7 13. a4 Nf6 14. Bd3 Bc6 15. Ra1 g6 16. Bh6 Re8 17. Rfc1 Bd7 18. Ba6 Bc8 19. Bb5 Bd7 20. Rd1 Bxb5 21. axb5 Nd7 22. Ra4 Qc7 23. h4 Qb7 24. Rda1 Nf6 25. Re1 Rec8 26. Ne5 Nd7 27. Nc6 Bxh4 28. e5 Bd8 29. Qf3 Qc7 30. d5 exd5 31. Rf4 Nf8 32. Bxf8 Kxf8 33. e6 1-0

[Event "Rochefort op-A17th"]
[Site "Rochefort"]
[Date "2018.02.17"]
[Round "6.13"]
[White "Roselle, Tristan"]
[Black "Kulkarni, Rakesh"]
[Result "0-1"]
[WhiteElo "2105"]
[BlackElo "2332"]
[PlyCount "70"]
[EventDate "2018.02.17"]
[EventType "swiss"]
[EventRounds "9"]
[EventCountry "FRA"]
[SourceTitle "EXT 2019"]
[Source "ChessBase"]
[SourceDate "2018.10.10"]
[SourceVersion "1"]
[SourceVersionDate "2018.10.10"]
[SourceQuality "1"]

1. e4 c5 2. Nf3 e6 3. c3 Nf6 4. e5 Nd5 5. d4 cxd4 6. cxd4 Nc6 7. a3 d6 8. Bc4 Be7 9. 0-0 0-0 10. Qe2 b6 11. Bd2 Bb7 12. Nc3 dxe5 13. dxe5 Na5 14. Nxd5 exd5 15. Ba6 Bxa6 16. Qxa6 Nb3 17. Rad1 Qd7 18. Qd3 Nc5 19. Qd4 Rfd8 20. Bc3 Rac8 21. Rfe1 Ne6 22. Qd2 Rc4 23. Bd4 Qa4 24. Qe3 Rc2 25. b3 Qxa3 26. Ra1 Ra2 27. Rxa2 Qxa2 28. Ra1 Qc2 29. g3 Bc5 30. Bxc5 bxc5 31. Rxa7 d4 32. Qd2 Qxb3 33. Kg2 Qd5 34. h4 c4 35. Ra5 Qe4 0-1

[Event "FRA-ch Accession"]
[Site "Agen"]
[Date "2017.08.27"]
[Round "9"]
[White "Lacroix, Romain"]
[Black "Roselle, Tristan"]
[Result "1-0"]
[WhiteElo "2255"]
[BlackElo "2134"]
[PlyCount "123"]
[EventDate "2017.08.19"]
[EventType "swiss"]
[EventRounds "9"]
[EventCountry "FRA"]
[SourceTitle "EXT 2019"]
[Source "ChessBase"]
[SourceDate "2018.10.10"]
[SourceVersion "1"]
[SourceVersionDate "2018.10.10"]
[SourceQuality "1"]

1. d4 d5 2. Bf4 Bf5 3. Nf3 Nf6 4. e3 e6 5. Be2 Be7 6. c4 dxc4 7. Nc3 Nbd7 8. Bxc4 c6 9. 0-0 0-0 10. h3 h6 11. Re1 Nd5 12. Bg3 N7f6 13. Qb3 Nxc3 14. bxc3 Qb6 15. Ne5 Qxb3 16. axb3 Ne4 17. Rec1 Nxg3 18. fxg3 Bd6 19. g4 Be4 20. Nf3 c5 21. Kf2 Rfd8 22. Be2 a6 23. Nd2 Bc6 24. Bf3 cxd4 25. cxd4 Bxf3 26. gxf3 Rac8 27. Nc4 Kf8 28. Nxd6 Rxc1 29. Rxc1 Rxd6 30. Ke2 Rb6 31. Rc3 Ke7 32. e4 Kd7 33. h4 g6 34. Ke3 Rb4 35. Rd3 Ke7 36. Kf4 f6 37. Ke3 Rb5 38. Rc3 Kd7 39. f4 Rb4 40. h5 gxh5 41. gxh5 a5 42. e5 f5 43. Kd3 a4 44. bxa4 Rxa4 45. Rc2 Ra3+ 46. Kc4 Ra4+ 47. Kc5 b6+ 48. Kxb6 Rxd4 49. Rc7+ Ke8 50. Kc5 Rxf4 51. Kd6 Rh4 52. Kxe6 Kd8 53. Rd7+ Kc8 54. Ke7 Rxh5 55. Rd4 f4 56. Rc4+ Kb7 57. Kf6 f3 58. e6 Rh1 59. Rf4 Kc7 60. e7 Kd7 61. Kf7 Re1 62. Rd4+ 1-0

[Event "FRA-ch Accession"]
[Site "Agen"]
[Date "2017.08.19"]
[Round "1"]
[White "Roselle, Tristan"]
[Black "Micottis, Dorian"]
[Result "0-1"]
[WhiteElo "2134"]
[BlackElo "2271"]
[PlyCount "66"]
[EventDate "2017.08.19"]
[EventType "swiss"]
[EventRounds "9"]
[EventCountry "FRA"]
[SourceTitle "EXT 2019"]
[Source "ChessBase"]
[SourceDate "2018.10.10"]
[SourceVersion "1"]
[SourceVersionDate "2018.10.10"]
[SourceQuality "1"]

1. e4 c5 2. Nf3 e6 3. c3 Nf6 4. e5 Nd5 5. d4 cxd4 6. cxd4 d6 7. Bc4 Nc6 8. 0-0 Be7 9. Qe2 0-0 10. Nc3 Nxc3 11. bxc3 dxe5 12. dxe5 b6 13. Bd3 Bb7 14. Rd1 Qc7 15. Qe4 g6 16. Qe2 Rfd8 17. Rb1 Rd5 18. Bf4 Rad8 19. Be4 Rc5 20. Rxd8+ Nxd8 21. Bxb7 Nxb7 22. Nd4 Rxc3 23. Nb5 Rc2 24. Qf3 Qc4 25. Bh6 Bf8 26. Qxb7 Bxh6 27. g3 Qe2 28. Qg2 Rxa2 29. Nd6 Qxe5 30. Qc6 Bf8 31. Ne8 Qa5 32. Qf3 Qf5 33. Nf6+ Kh8 0-1

[Event "FRA-ch op-A"]
[Site "Agen"]
[Date "2016.08.21"]
[Round "9"]
[White "De Lussac, Rainier"]
[Black "Roselle, Tristan"]
[Result "1/2-1/2"]
[WhiteElo "2099"]
[BlackElo "2096"]
[PlyCount "96"]
[EventDate "2016.08.12"]
[EventType "swiss"]
[EventRounds "9"]
[EventCountry "FRA"]
[SourceTitle "EXT 2017"]
[Source "ChessBase"]
[SourceDate "2016.10.25"]
[SourceVersion "1"]
[SourceVersionDate "2016.10.25"]
[SourceQuality "1"]

1. d4 e6 2. c4 d5 3. Nc3 Nf6 4. cxd5 Nxd5 5. e4 Nxc3 6. bxc3 c5 7. Nf3 cxd4 8. cxd4 Bb4+ 9. Bd2 Bxd2+ 10. Qxd2 0-0 11. Be2 b6 12. 0-0 Bb7 13. Qf4 Nc6 14. Rfd1 Ne7 15. Rac1 Ng6 16. Qe3 Rc8 17. Nd2 Qd7 18. f3 Rxc1 19. Rxc1 Rc8 20. Rxc8+ Qxc8 21. Nc4 Qc7 22. g3 Ba6 23. Qb3 Qd7 24. Qc3 Qc6 25. Qb3 Qd7 26. Qc3 Qa4 27. Qb3 Qb5 28. Qxb5 Bxb5 29. Kf2 Ne7 30. Na3 Bxe2 31. Kxe2 Nc6 32. Nc2 Kf8 33. Kd3 Ke7 34. Kc4 Kd6 35. f4 a6 36. a3 b5+ 37. Kc3 a5 38. Ne3 Ne7 39. g4 Ng6 40. f5 Ne7 41. Kd3 e5 42. d5 Kc5 43. g5 f6 44. h4 Ng8 45. Ng4 h5 46. gxh6 Nxh6 47. Nxh6 gxh6 48. Kc3 h5 1/2-1/2

[Event "FRA-ch op-A"]
[Site "Agen"]
[Date "2016.??.??"]
[Round "7"]
[White "Blum, Nicolas"]
[Black "Roselle, Tristan"]
[Result "1-0"]
[WhiteElo "2184"]
[BlackElo "2096"]
[PlyCount "153"]
[EventDate "2016.08.12"]
[EventType "swiss"]
[EventRounds "9"]
[EventCountry "FRA"]
[SourceTitle "EXT 2017"]
[Source "ChessBase"]
[SourceDate "2016.10.25"]
[SourceVersion "1"]
[SourceVersionDate "2016.10.25"]
[SourceQuality "1"]

1. e4 e5 2. Bc4 Nf6 3. d3 Bc5 4. Nc3 Nc6 5. f4 d6 6. Nf3 Ng4 7. Ng5 h6 8. f5 Bf2+ 9. Kf1 Ne3+ 10. Bxe3 Bxe3 11. Nxf7 Qh4 12. Qf3 Nd4 13. Qxe3 Rf8 14. Qg3 Qxg3 15. hxg3 Nxc2 16. Nxd6+ cxd6 17. Rc1 Nd4 18. g4 Bd7 19. Ne2 Nc6 20. Ng3 Kd8 21. Nh5 g6 22. Ng7 h5 23. gxh5 gxf5 24. exf5 Bxf5 25. Nxf5 Rxf5+ 26. Ke2 Nd4+ 27. Ke3 Rg5 28. h6 Rxg2 29. Ke4 Ke7 30. Rcg1 Rxg1 31. Rxg1 Kf6 32. Bg8 d5+ 33. Kxd5 Rd8+ 34. Ke4 Nf5 35. h7 Rd4+ 36. Kf3 Rf4+ 37. Ke2 Rh4 38. Rg2 Nd4+ 39. Ke3 Nf5+ 40. Kd2 a5 41. a4 Rh3 42. Rf2 b6 43. b3 Rh4 44. Kc3 Kg5 45. Rg2+ Kf6 46. Kb2 Nd4 47. Ka3 Nf5 48. Kb2 Nd4 49. Kc3 Nf5 50. Kd2 Rh1 51. Rf2 Kg5 52. Rg2+ Kf6 53. Ke2 Nd4+ 54. Kf2 Nf5 55. Rg1 Rh2+ 56. Kf3 Rh4 57. Rg4 Nd4+ 58. Kg3 Nf5+ 59. Kf2 Rh1 60. Rc4 Ne7 61. Rc7 Rh3 62. Rb7 Ng6 63. Rxb6+ Kg5 64. Ra6 Nf4 65. Rxa5 Nxd3+ 66. Ke2 Nf4+ 67. Kd2 Kf5 68. Ra8 Ng6 69. Re8 Rh2+ 70. Kc3 Rh3+ 71. Kb4 Nf4 72. Be6+ Nxe6 73. h8Q Rxh8 74. Rxh8 e4 75. Kc4 Kf4 76. Re8 Ng5 77. a5 1-0

[Event "FRA-ch op-A"]
[Site "Agen"]
[Date "2016.??.??"]
[Round "6"]
[White "Dudognon, Thibault"]
[Black "Roselle, Tristan"]
[Result "0-1"]
[WhiteElo "2145"]
[BlackElo "2096"]
[PlyCount "96"]
[EventDate "2016.08.12"]
[EventType "swiss"]
[EventRounds "9"]
[EventCountry "FRA"]
[SourceTitle "EXT 2017"]
[Source "ChessBase"]
[SourceDate "2016.10.25"]
[SourceVersion "1"]
[SourceVersionDate "2016.10.25"]
[SourceQuality "1"]

1. c4 e6 2. g3 Nf6 3. Bg2 d5 4. Nf3 Be7 5. 0-0 0-0 6. b3 d4 7. Bb2 c5 8. b4 Nc6 9. b5 Na5 10. d3 Bd6 11. e3 e5 12. Qc2 Qc7 13. Nbd2 Bd7 14. Rae1 Rfe8 15. e4 b6 16. Nh4 Nb7 17. Bc1 a6 18. a4 axb5 19. cxb5 Ra7 20. Nc4 Rea8 21. Nb2 Be6 22. f4 Na5 23. Nf3 Nd7 24. Qf2 f6 25. Nd2 c4 26. f5 Bf7 27. dxc4 Nxc4 28. Ndxc4 Bxc4 29. g4 Bxf1 30. Bxf1 Rc8 31. Bc4+ Kh8 32. Qh4 Rxa4 33. Be6 Ra1 34. Nd3 Nc5 35. Nxc5 Qxc5 36. Bd2 Rca8 37. g5 Rxe1+ 38. Qxe1 fxg5 39. Bd5 Ra3 40. Qd1 d3+ 41. Kf1 Qc2 42. Qe1 h6 43. h4 gxh4 44. f6 gxf6 45. Qf2 Qd1+ 46. Be1 Qe2+ 47. Qxe2 dxe2+ 48. Kxe2 h3 0-1

[Event "FRA-ch U20"]
[Site "Pau"]
[Date "2015.04.28"]
[Round "4"]
[White "Roselle, Tristan"]
[Black "Aflalo, Sophie"]
[Result "0-1"]
[WhiteElo "2023"]
[BlackElo "2105"]
[PlyCount "34"]
[EventDate "2015.04.26"]
[EventType "swiss"]
[EventRounds "9"]
[EventCountry "FRA"]
[SourceTitle "CBM 166 Extra"]
[Source "ChessBase"]
[SourceDate "2015.06.18"]
[SourceVersion "1"]
[SourceVersionDate "2015.06.18"]
[SourceQuality "1"]

1. e4 c5 2. Nc3 Nc6 3. Bb5 Nf6 4. Nf3 g6 5. Bxc6 bxc6 6. e5 Nd5 7. Ne4 f6 8. 0-0 fxe5 9. Nxe5 Bg7 10. Ng4 0-0 11. Nxc5 d6 12. Nb3 Qd7 13. Ne3 Nf4 14. d4 a5 15. d5 a4 16. dxc6 Qxc6 17. Nd4 Bxd4 0-1

[Event "Rochefort op 14th"]
[Site "Rochefort"]
[Date "2015.02.21"]
[Round "1"]
[White "Stets, Dmitry"]
[Black "Roselle, Tristan"]
[Result "1/2-1/2"]
[WhiteElo "2385"]
[BlackElo "2012"]
[PlyCount "58"]
[EventDate "2015.02.21"]
[EventType "swiss"]
[EventRounds "9"]
[EventCountry "FRA"]
[SourceTitle "CBM 165 Extra"]
[Source "ChessBase"]
[SourceDate "2015.04.21"]
[SourceVersion "1"]
[SourceVersionDate "2015.04.21"]
[SourceQuality "1"]

1. e4 e5 2. Nf3 Nc6 3. Bc4 Bc5 4. d3 Nf6 5. Nc3 d6 6. Bg5 Na5 7. Bb3 c6 8. Ne2 h6 9. Be3 Nxb3 10. axb3 Qb6 11. Bxc5 Qxc5 12. c3 Bg4 13. Ng3 Nh5 14. Nxh5 Bxh5 15. Qd2 Bxf3 16. gxf3 Qb6 17. b4 0-0 18. Rg1 Kh7 19. f4 f5 20. fxe5 fxe4 21. exd6 Rad8 22. Qe2 exd3 23. Qxd3+ Kh8 24. 0-0-0 Rd7 25. Rde1 Qd8 26. Qg6 Qf6 27. Re8 Rxd6 28. Rxf8+ Qxf8 29. Qg3 Rf6 1/2-1/2